000 00873nam a22002177a 4500
005 20240530110555.0
008 160809s2014 ua a f b 000 0dara d
017 _a2013/20356
_bليبيا . دار الكتب الوطنية
020 _a9789774951411
040 _aEG-CaGPL
082 0 4 _221
_a195\
_bس أ
100 0 _aسامح الطنطاوى
245 1 0 _aاومبرتو ايكو و الظاهرة الجمالية :
_bدراسة فى الفلسفة الايطالية المعاصرة /
_cتاليف سامح الطنطاوى
250 _aط. 1
260 _aالقاهرة :
_bدار العالم العربى ،
_c2014 .
300 _a310 ص. :
_bايض ؛
_c24 سم .
504 _aيشتمل على ارجاعات ببليوجرافية
650 0 4 _aالفلسفة الايطالية الحديثة
650 0 4 _aالجمال ، علم
942 _2ddc
_cBK
999 _c62541
_d62541